000 00572nam a2200193 a 4500
005 20231017063754.0
008 991125s1994 ea 000 0 eng u
020 _a0194349004
035 _aUPN01000000451
049 _aLT
050 4 _aLB1631 M6.1
_bD3.3
100 1 _aDavies, Paul
_931642
245 1 0 _aAction :
_bstudent book : 1 /
_cPaul Davies, Eric Pearse.
260 _aNew York :
_bOxford University Press,
_c1994
300 _a126 P. :
_bil.
650 4 _aInglés
_xEstudio y enseñanza (Secundaria)
_95708
700 1 _aPearse, Eric
_ecoaut.
_931746
905 _aLibro
999 _c451
_d451